Young Multi - Nowa Fala - Statystyki

Ogólne statystyki
  • Ten quiz został rozwiązany 56 razy
  • Średni wynik to 14 z 20
Statystyki odpowiedzi
Numer Tytuł Gość % Poprawnych
3 Diamenty Bedoes
98%
15 Plecak
95%
16 Pogba
85%
20 Nie wiem
83%
6 Nowa Fala
80%
1 Nowy sezon
80%
2 Skrrrt Beteo
80%
11 Kim Ty Jesteś?
78%
18 Ona Dzwoni Merghani
70%
10 Trap
70%
9 Beast Mode
68%
19 Hollywood Young Jacob & Raff J.R
68%
12 Pusta Szklanka
68%
7 Pytasz Mnie Merghani
68%
13 Warszawa Nocą Txnshi
68%
5 Więcej
68%
8 Dron Nocny Sosa
60%
4 Plotki
58%
14 Czemu Nie Wierzyłeś
53%
17 Lifestyle
48%
Nie znaleziono quizów pasujących do podanych kryteriów
Rozkład punktacji
Procent ludzi z każdym wynikiem
Percentyl według liczby udzielonych odpowiedzi
Twoja historia wyników
Nie rozwiązałeś tego quizu